Names of Food Emojis - Statistics

General Stats
  • This quiz has been taken 101 times
  • The average score is 14 of 15
Answer Stats
Emoji Answer % Correct
🍕 Pizza (Yummy)
100%
🥦 Broccoli
99%
🥚 Egg
99%
🌭 Hotdog
99%
🍗 Chicken
95%
🍫 Chocolate
94%
🍟 Fries
94%
🥓 Bacon
93%
🍆 Eggplant
93%
🧅 Onion
93%
🍿 Popcorn
93%
🥗 Salad
93%
🥪 Sandwich
93%
🥞 Pancakes
87%
🥟 Dumpling
57%
No matching quizzes found
Score Distribution
Percent of People with Each Score
Percentile by Number Answered
Your Score History
You have not taken this quiz